000 01343nam a2200361Ia 4500
005 20220317000950.0
008 160825s2009 mx a g 000 0 spa
020 _a97896816544012
100 1 _aOrlev, Uri
_d1931-
245 1 3 _aLa abuela tejedora
_cUri Orlev ; ilustrado por Tania Janco ; traducido por Déborah Roitman
250 _a1a. edición
_b5a. reimpresión
300 _a40 páginas
_bilustraciones en blanco y negro
_c19 cm
490 _aA la orilla del viento : para los grandes lectores
500 _aIncluye datos biográficos
521 _aRecomendado para niños de 7 años en adelantez
534 _tZabta Zoreguet
586 _aPremio Hans Christian Andersen 1997
650 _2LEMB
_aCuentos infantiles polacos
_ySiglo XX
650 _2LEMB
_aLiteratura infantil polaca
_ySiglo XX
650 _2LEMB
_aAbuelos en la literatura
650 _2LEMB
_aAmor en la literatura
650 _2LEMB
_aFamilia en la literatura
650 _2LEMB
_aNiños en la literatura
700 1 _aJanco, Tania
_916409
700 1 _aRoitman, Déborah
_963772
942 _2loc
_cBKINF
264 _aMéxico
_bFondo de Cultura Económica
_c2009
336 _atexto
_btxt
_2rdacontent
337 _asin mediación
_bn
_2rdamedia
338 _avolumen
_bnc
_2rdacarrier
040 _aCO-BoRNBP
_bspa
_erda
_cCO-BoRNBP
084 _aC ORL1
999 _c5542
_d5542